Alienation, problems of meaning, theory and method /

Bibliographic Details
Corporate Author: World Congress of Sociology
Other Authors: Geyer, R. Felix, Schweitzer, David R., 1940-
Format: Conference Proceeding Book
Language:English
Published: London ; Boston, Mass. : Routledge & Kegan Paul, 1981.
Subjects:

MARC

Tag First Indicator Second Indicator Subfields
LEADER 00000pam a2200000 a 4500
001 in00000095581
005 20150923173712.0
008 810826s1981 enka b 10000 eng
010 |a  81013958  
020 |a 071000835X :  |c $21.00 
035 |a (OCoLC)07773824 
035 |9 AAK8229AM 
039 0 |a 2  |b 3  |c 3  |d 3  |e 3 
040 |a DLC  |c DLC  |d TXA  |d UtOrBLW 
049 |a TXAM  |c [1442215] 
050 0 0 |a HM291  |b  A472 1981 
082 0 |a 302.5  |2 19 
245 0 0 |a Alienation, problems of meaning, theory and method /  |c edited by R. Felix Geyer and David Schweitzer. 
264 1 |a London ;  |a Boston, Mass. :  |b Routledge & Kegan Paul,  |c 1981. 
300 |a xv, 283 pages :  |b illustrations ;  |c 23 cm. 
336 |a text  |b txt  |2 rdacontent 
337 |a unmediated  |b n  |2 rdamedia 
338 |a volume  |b nc  |2 rdacarrier 
500 |a "Papers ... initially presented ... at the 1978 World Congress of Sociology in Uppsala, Sweden"--Pref. 
504 |a Includes bibliographies. 
650 0 |a Alienation (Social psychology)  |x Congresses. 
700 1 |a Geyer, R. Felix. 
700 1 |a Schweitzer, David R.,  |d 1940- 
711 2 |a World Congress of Sociology  |n (9th :  |d 1978 :  |c Uppsala, Sweden) 
999 |a MARS 
999 f f |s 21f69ddb-3a97-36f7-afdf-99778f619206  |i ccc54b2c-2e34-3e51-9e54-c061c584aec4  |t 0 
952 f f |p ric  |a Texas A&M University  |b Rellis Campus  |c Joint Library Facility  |d Remote Storage  |t 0  |e HM291 A472 1981  |h Library of Congress classification  |i unmediated -- volume  |m A14806010929 
998 f f |a HM291 A472 1981  |t 0  |l Remote Storage